000
00387nam a2200145Ia 4500
008
100122s9999 xx 000 0 und d
082
_b
37745
_a
821
100
_a
सावंत वसंत
245
_a
उगवाई
260
_b
पॉप्युलर प्रकाशन
_c
1905
300
_a
95
630
_a
उगवाई
730
_a
उगवाई
942
_c
BOOK
999
_c
420106
_d
420103